| 000 | 00577nam a2200169 i 4500 | ||
|---|---|---|---|
| 001 | 188832 | ||
| 003 | ES-MaACL | ||
| 005 | 20230906223319.0 | ||
| 007 | t| | ||
| 008 | 190218s1963 xxk ||||1| spa d | ||
| 110 | 2 |
_aGran Bretaña. _bCentral Office of Information. _bReference Division. _9166342 |
|
| 245 | 1 | 3 |
_aLa prensa británica / _c[Servicios Británicos de Información]. |
| 260 |
_aLondon : _bReference Division, Central Office of Information, _c[1963] |
||
| 300 |
_a51 p. ; _c24 cm. |
||
| 650 | 4 |
_aPrensa- _zGran Bretaña. _9166351 |
|
| 852 |
_aES-MaACL _jP-420-Bis-14 |
||
| 999 |
_c188832 _d188832 |
||